00512 a2200157 4500020001500000082001000015090001500025100001300040245010500053250000700158260004100165300000800206942002300214999001900237952009800256 a8170996503 a352.5 c1130d1130 aDayal R. aManagement in GovernmentbEncyclopedia of Economics Commerece and ManagementcR. DayalhP. Zachariah a16 aNew DelhibMittal Publicationsc1996 a371 aNBScBKk352.5 AYA c343660d343660 00104070aCLbCLd2013-08-28l1o352.5 AYApNBS2362r2024-06-04s2017-08-22w2013-08-28yBK